Central Library OPAC University of Rajshahi

একাত্তরের মুক্তিযুদ্ধ / (Record no. 56036)

MARC details
000 -LEADER
fixed length control field 00857nam a2200229 a 4500
001 - CONTROL NUMBER
control field 56036
003 - CONTROL NUMBER IDENTIFIER
rucl marc code BD-RjUL
005 - DATE AND TIME OF LATEST TRANSACTION
control field 20211209080339.0
008 - FIXED-LENGTH DATA ELEMENTS--GENERAL INFORMATION
fixed length control field 161124s1993 bg ||||| |||| 00| 0 ben d
020 ## - INTERNATIONAL STANDARD BOOK NUMBER
International Standard Book Number 9844011442
Terms of availability : TK 200.00
035 ## - SYSTEM CONTROL NUMBER
System control number (BD-RjUL)56160
040 ## - CATALOGING SOURCE
Original cataloging agency BD-RjUL
Language of cataloging ben
Transcribing agency BD-RjUL
041 ## - LANGUAGE CODE
Language code of text/sound track or separate title ben
082 ## - DEWEY DECIMAL CLASSIFICATION NUMBER
Edition number 23
Classification number 954.9205
Author mark and year ISE 1993
100 ## - MAIN ENTRY--PERSONAL NAME
Personal name ইসলাম, রফিকুল
9 (RLIN) 166806
Relator term মেজর
245 10 - TITLE STATEMENT
Title একাত্তরের মুক্তিযুদ্ধ /
Statement of responsibility, etc. রফিকুল ইসলাম
260 ## - PUBLICATION, DISTRIBUTION, ETC. (IMPRINT)
Place of publication, distribution, etc. ঢাকা :
Name of publisher, distributor, etc. আগামী প্রকাশনী,
Date of publication, distribution, etc. ১৯৯৩
300 ## - PHYSICAL DESCRIPTION
Pagination ৩০৯ পৃ. ;
Size ২১ সেমি.
651 ## - SUBJECT ADDED ENTRY--GEOGRAPHIC NAME
Geographic name বাংলাদেশ
General subdivision মুক্তিযুদ্ধ
9 (RLIN) 166160
Geographic name Bangladesh
General subdivision Liberation War
9 (RLIN) 166161
942 ## - ADDED ENTRY ELEMENTS (KOHA)
Source of classification or shelving scheme Dewey Decimal Classification
Koha item type Books
Holdings
Lost status Source of classification or shelving scheme Damaged status Not for loan Collection code Permanent Location Current Location Shelving location Date acquired Source of acquisition Cost, normal purchase price Total Checkouts Full call number Checked out Date last seen Date checked out Copy number Koha item type
  Dewey Decimal Classification     Non-fiction Central Library, University of Rajshahi Central Library, University of Rajshahi   10/01/1999 Agami prokashoni 200.00 4 B 954.9205 ISE 1993 08/06/2026 12/05/2026 12/05/2026 C-2 Books